000
00268nam a2200109Ia 4500
008
190216s9999||||xx |||||||||||||| ||und||
100
_a
Sreenivasan
245
0
_a
Namvanangum Daivangal
260
_b
Dakshina Bhasha Book Trust
650
_a
Essay Malayalam
942
_c
BK
999
_c
25006
_d
25006